Aplikačné programové systémy STATUS a STATUS DFT a ich úloha v komunikácii na finančnom trhu

Národná banka Slovenska komunikuje s účastníkmi finančného trhu prostredníctvom dvoch hlavných komunikačných kanálov: webovou stránkou a aplikačnými programovými systémami STATUS a STATUS DFT. Vývoj programov a práca s nimi.

Gespeichert in:
Bibliographische Detailangaben
1. Verfasser: Florián, Milan
Weitere Verfasser: Seman, Ján
Format: Buchkapitel
Sprache:Slowakisch
Schlagworte:
Tags: Tag hinzufügen
Keine Tags, Fügen Sie das erste Tag hinzu!

MARC

LEADER 00000naa$a2200000$$$4500
001 0061122
005 20231116083620.2
041 0 |a slo 
044 |a SK 
245 1 0 |a Aplikačné programové systémy STATUS a STATUS DFT a ich úloha v komunikácii na finančnom trhu  |c Milan Florián, Ján Seman 
520 |a Národná banka Slovenska komunikuje s účastníkmi finančného trhu prostredníctvom dvoch hlavných komunikačných kanálov: webovou stránkou a aplikačnými programovými systémami STATUS a STATUS DFT. Vývoj programov a práca s nimi. 
610 2 0 |a komunikácia 
610 2 0 |a trh finančný 
610 2 0 |a programy aplikačné 
610 2 0 |a NBS Bratislava 
100 1 |a Florián, Milan 
700 1 |a Seman, Ján